Vnitřní hodnocení na vysokých školách analýza výročních zpráv a dlouhodobých záměrů vysokých škol

Vnútorné hodnotenie v kontexte "Európskeho priestoru vysokoškolského vzdelávania". Zvolené kritéria pre účely posudzovania výročných správ a dlhodobých zámerov. Hodnotenie na vysokých školách. Súlad európskych štandardov s aktuálnou situáciou. Návrh doporučení pre tvorbu aktualizácií dlhodobých záme...

Descrizione completa

Salvato in:
Dettagli Bibliografici
Autore principale: Vinš, Václav
Altri autori: Smrčka, Jiří, Moskala, Pavel, Gondková, Karolína
Natura: Capitolo di libro
Lingua:ceco
Soggetti:
Tags: Aggiungi Tag
Nessun Tag, puoi essere il primo ad aggiungerne!!

MARC

LEADER 00000naa$a2200000$$$4500
001 0054951
005 20230919104544.6
041 0 |a cze 
044 |a CZ 
245 1 0 |a Vnitřní hodnocení na vysokých školách  |b analýza výročních zpráv a dlouhodobých záměrů vysokých škol  |c Václav Vinš, Jiří Smrčka, Pavel Moskala, Karolína Gondková 
520 |a Vnútorné hodnotenie v kontexte "Európskeho priestoru vysokoškolského vzdelávania". Zvolené kritéria pre účely posudzovania výročných správ a dlhodobých zámerov. Hodnotenie na vysokých školách. Súlad európskych štandardov s aktuálnou situáciou. Návrh doporučení pre tvorbu aktualizácií dlhodobých zámerov a vysokých škôl. 
610 2 0 |a školy vysoké 
610 2 0 |a správy výročné 
610 2 0 |a štandardy 
610 2 0 |a projekty 
610 2 0 |a hodnotenie práce 
100 1 |a Vinš, Václav 
700 1 |a Smrčka, Jiří 
700 1 |a Moskala, Pavel 
700 1 |a Gondková, Karolína